Transfery Norwich w letnim okienku transferowym 2021/22. - Statystyki

Ogólne statystyki
  • Ten quiz został rozwiązany 11 razy
  • Średni wynik to 7 z 12
Statystyki odpowiedzi
Cena Pozycja Narodowość Poprzedni Klub Piłkarz % Poprawnych
Wypożyczenie Środkowy pomocnik Szkocja Chelsea Gilmour
91%
Wypożyczenie Środkowy obrońca Turcja Schalke Kabak
91%
11,00 mln Prawy napastnik Kosowo Werder Brema Rashica
91%
9,50 mln Środkowy napastnik USA Werder Brema Sargent
73%
Wypożyczenie Lewy obrońca Anglia Manchester United Williams
73%
5,85 mln Bramkarz Anglia Southampton Gunn
55%
11,00 mln Lewy napastnik Grecja PAOK Tzolis
55%
Wypożyczenie Defensywny pomocnik Norwegia Rostov Normann
45%
6,00 mln Środkowy pomocnik Francja Nice Lees Melou
36%
7,50 mln Lewy obrońca Grecja PAOK Giannoulis
27%
9,30 mln Środkowy obrońca Anglia Burnley Gibson
27%
? Ofensywny pomocnik Szkocja Peterborough Clarke
18%
Nie znaleziono quizów pasujących do podanych kryteriów
Rozkład punktacji
Procent ludzi z każdym wynikiem
Percentyl według liczby udzielonych odpowiedzi
Twoja historia wyników
Nie rozwiązałeś tego quizu